Statistics for General Knowledge Quiz #132

Click here to take the quiz!

General Stats

  • This quiz has been taken 43,957 times
    (11,696 since last reset)
  • The average score is 13 of 20

Answer Stats

QuestionAnswer% Correct
What is the world's most popular beverage other than water?Tea
91%
What is the capital of Canada?Ottawa
84%
What is the most commonly spoken first language in Singapore?Mandarin Chinese
81%
What were Pangaea and Gondwana?Continents
80%
In what Caribbean country is Vodou commonly practiced?Haiti
76%
What rapper had 12 studio albums - 6 of them posthumous?Tupac Shakur
68%
What theorem is often expressed as a2+ b2= c2 ?Pythagorean Theorem
67%
What does the ¥ symbol stand for?Yen
67%
To the nearest whole number, what is the fatality rate of rabies upon
the onset of symptoms?
100%
66%
In what country is the musical "Evita" set?Argentina
63%
What vegetable has eyes?Potatoes
63%
What Christian holiday comes the day after Halloween?All Saints' Day
59%
What drinking vessel supposedly confers eternal life on those who drink from it?Holy Grail
58%
What condition can be described as "cloudiness" of the eye lens?Cataracts
56%
What does the M stand for in a MRI machine?Magnetic
56%
In 1727, Janet Horne became the last British person to be executed for what crime?Witchcraft
53%
What is Rogaine meant to treat?Baldness
50%
What band's members included Brian, Carl, and Dennis Wilson?The Beach Boys
47%
What beings come from the planet Cybertron?Transformers
45%
What European country had a "Golden Age" in the later half of the 1600s?Netherlands
41%

Score Distribution

Percentile by Number Answered

Percent of People with Each Score

Your Score History

You have not taken this quiz since the last reset